| 000 | 00711nam a22002411 4500 | ||
|---|---|---|---|
| 001 | 134340 | ||
| 003 | ES-MaACL | ||
| 005 | 20250823021525.0 | ||
| 007 | t| | ||
| 008 | 070910s1960 sp ||||0| spa d | ||
| 016 | 7 | _zIND2000944064 | |
| 040 |
_aM-BN _bspa _cCDM |
||
| 080 | _a24(02) | ||
| 100 | 1 |
_aWhite, Evelyn. _9116657 |
|
| 245 | 1 | 0 |
_aGuía internacional de moral para uso de los-as Asistentes Sociales Católicos-as / _cEvelyn White. |
| 250 | _a1ª ed. | ||
| 260 |
_aMadrid : _bLux Mundi : _b[Potencioano, _c1960. |
||
| 300 |
_a257 p. ; _c16 cm. |
||
| 650 | 7 |
_aMoral cristiana _2embne _9142371 |
|
| 700 | 1 |
_aLe Jeune. _970893 |
|
| 852 |
_aES-MaACL _jB-10494 _bR.47284 |
||
| 999 |
_c134340 _d134340 |
||